Pevnostné posúdenie uzamykacieho mechanizmu zadného sedadla osobného automobilu

Gespeichert in:
Bibliographische Detailangaben
1. Verfasser: Kopecký, Ľubomír (Verfasst von)
Weitere Verfasser: Šulko, Miroslav (Betreuung Doktorarbeit)
Format: Manuskript Buch
Sprache:Slowakisch
Veröffentlicht: 2023
Schlagworte:
Online-Zugang:http://is.stuba.sk/zp/portal_zp.pl?podrobnosti=171413
Tags: Tag hinzufügen
Keine Tags, Fügen Sie das erste Tag hinzu!

MARC

LEADER 00000ntm a22000003a 4500
001 stuzp94743
003 SK-STU
005 20230909223037.4
007 ta
008 150427s2015----xo-----f-mn---000-0-slo-d
040 |a STU  |b slo 
041 0 |a slo 
100 1 |a Kopecký, Ľubomír  |u 020010  |4 aut  |U SjF Strojnícka fakulta  |T SjF Ústav aplikovanej mechaniky a mechatroniky  |X 98605  |U J0010  |Y 801  |7 98605 
242 0 1 |a Stress analysis of the rear seat locking mechanism  |y eng 
245 1 0 |a Pevnostné posúdenie uzamykacieho mechanizmu zadného sedadla osobného automobilu 
260 |c 2023 
650 4 |a uzamykací mechanizmus  |2 slo 
650 4 |a MKP analýza  |2 slo 
650 4 |a statický test  |2 slo 
650 4 |a autosedadlo  |2 slo 
650 4 |a optimalizácia  |2 slo 
650 4 |a locking mechanism  |2 eng 
650 4 |a FEM analysis  |2 eng 
650 4 |a static test  |2 eng 
650 4 |a optimization  |2 eng 
650 4 |a car seat  |2 eng 
700 1 |a Šulko, Miroslav  |u 020010  |k Z1  |4 ths  |U SjF Strojnícka fakulta  |T SjF Ústav aplikovanej mechaniky a mechatroniky  |X 2207  |U J0010  |Y 801  |7 A000002207 
856 4 |u http://is.stuba.sk/zp/portal_zp.pl?podrobnosti=171413